[Event "Olympiad-43"]
[Site "Batumi"]
[Date "2018.09.28"]
[Round "5.1"]
[White "Radjabov, Teimour"]
[Black "Sargissian, Gabriel"]
[Result "1-0"]
[WhiteElo "2751"]
[BlackElo "2691"]
[Annotator "Krasenkow,M"]
[PlyCount "85"]
[EventDate "2018.09.24"]
[EventType "team-swiss"]
[EventRounds "11"]
[EventCountry "GEO"]
[SourceTitle "CBM 187"]
[Source "ChessBase"]
[SourceDate "2018.12.11"]
[SourceVersion "1"]
[SourceVersionDate "2018.12.11"]
[SourceQuality "1"]
[WhiteTeam "Azerbaijan"]
[BlackTeam "Armenia"]
[WhiteTeamCountry "AZE"]
[BlackTeamCountry "ARM"]

1. d4 Nf6 2. c4 e6 3. Nf3 d5 4. Nc3 Be7 5. Bg5 h6 6. Bxf6 Bxf6 7. e3 O-O 8. Rc1
c6 9. Bd3 Nd7 10. O-O dxc4 11. Bxc4 e5 12. Bb3 exd4 13. exd4 Re8 14. h3 Nb6 15.
Re1 Bf5 {A well-known line, considered satisfactory for Black since the 80s.}
16. g4 {This old idea has been recently revived. White wants to oust Black's
bishop from the a2-g8 diagonal and thus prevent possible (in future) ...Bf5-e6.
} (16. Rxe8+ Qxe8 17. Qd2 Qd7 18. Re1 a5 $11 {(the simplest) has been tried in
dozens of games.}) 16... Bg6 (16... Be6 {looks a bit illogical now; still,
Black's keep good chances to equalize:} 17. Bxe6 Rxe6 18. Rxe6 fxe6 19. Qe2 (
19. Qb3 Qe7 20. Re1 Re8 21. Kg2 Qd7 22. Ne4 Nd5 23. Nc5 Qc7 24. Re4 b6 25. Nd3
$14 {/= 1/2 (42) Halkias,S (2550)-Rychagov,A (2537) Chalkidiki 2002}) 19... Qe7
20. Re1 Re8 (20... Rd8 21. Qxe6+ Qxe6 22. Rxe6 Bxd4 23. Nxd4 Rxd4 24. Re8+ Kh7
25. Rb8 $14) 21. Qc2 Qf7 22. Ne4 Rd8 23. Nc5 Bxd4 24. Nxd4 Rxd4 25. Nxe6 Rd6
26. Qe4 Rd5 27. f4 Nd7 28. Nd8 Qf6 29. Qe8+ Kh7 30. Qe4+ Kg8 31. Qe8+ Kh7 32.
Qe4+ {1/2 (32) Gelfand,B (2695)-Kramnik,V (2770) Dortmund 1997}) (16... Rxe1+
$5 17. Qxe1 Bd3 18. Ne4 Bxe4 19. Qxe4 Nd5 20. Bxd5 ({perhaps White should try
something else like} 20. Kg2) 20... cxd5 21. Qf5 Qb6 22. Rc8+ (22. Qxd5 Rd8 {=}
) 22... Rxc8 23. Qxc8+ Kh7 24. Qf5+ Kg8 $11 {1/2 (26) Piket,J (2630)
-Kasimdzhanov,R (2704) Vlissingen 2001}) 17. Rxe8+ Qxe8 18. Qd2 Qd7 (18... Rd8
19. Re1 (19. Qf4 $5) 19... Qd7 20. Qf4 Nd5 21. Nxd5 (21. Bxd5 $5 cxd5 22. a3 {
[%cal Yf3e5] gives White some chances to fight for an edge}) 21... cxd5 22. Ne5
Qd6 23. Nxg6 fxg6 24. Qxd6 Rxd6 $11 {1/2 (31) Erdos,V (2624)-Radjabov,T (2741)
Heraklio 2017}) 19. Qf4 {Interestingly, White gives up the e-file.} (19. Re1 a5
20. a3 a4 21. Ba2 Rd8 22. Qf4 {1/2 (46) Anton Guijarro,D (2652)-Korneev,O 
(2513) Linares 2018} {, and now Black could have simply played} Bxd4 23. Rd1 c5
$11 {, e.g.} 24. Ne5 Qd6 25. Bxf7+ Bxf7 26. Qxf7+ Kh7 {, and White must give a
perpetual.}) 19... Re8 20. Rd1 Qc8 $6 {Too passive.} (20... Qd8 $6 21. Kg2 Qb8
22. Qxb8 Rxb8 23. Ne5 Bxe5 24. dxe5 c5 25. Rd6 $16 {1-0 (41) Halkias,S (2560)
-Michos,T (2216) Greece 2003}) (20... Nd5 {is the most logical continuation,
which brought Black equality in a couple of games:} 21. Bxd5 ({perhaps Teimour
Radjabov planned} 21. Nxd5 cxd5 22. Ne5 Qe6 23. Re1 {, continuing fightling})
21... cxd5 22. Ne5 Qe6 23. Nxg6 fxg6 24. Qc7 Rf8 25. Qxb7 {1/2 (25) Moskalenko,
V (2475)-Khalifman,A (2530) Riga 1988} Bxd4 26. Qxd5 Qxd5 27. Nxd5 Bxb2 $11)
21. Ne5 $1 Bxe5 22. dxe5 Rd8 (22... Nd7 23. Ne4 $1 {was probably missed by
Gabriel Sardissian. Still, it was better for Black than the text move, after}
Re7 ({but not} 23... Rxe5 $2 24. Rxd7 Rxe4 25. Bxf7+) 24. Nf6+ $5 (24. Nd6 Qc7
{[%cal Rd7e5]}) 24... Nxf6 (24... gxf6 $2 25. exf6 Re4 26. Qxh6 $18) 25. exf6
Re4 26. Qd6 Qe8 $14) 23. Rd4 {[%csl Gd4] White is clearly better now, due to
his centralization and kingside pawn advantage; besides, Black's knight is
placed extremely poorly.} Qc7 $2 {[%mdl 8192] Overlooking or underestimating
White's tactical blow.} (23... c5 {was relatively better:} 24. Rxd8+ Qxd8 25.
e6 fxe6 26. Bxe6+ Kh7 $16) 24. e6 $1 Rc8 (24... Qxf4 25. Rxd8+ Kh7 26. e7 $18)
25. Qxc7 Rxc7 26. Rd8+ Kh7 27. f4 $1 fxe6 28. f5 $1 Bf7 (28... exf5 {loses a
piece after} 29. Bg8+ Kh8 30. gxf5 $1 Rc8 31. Rxc8 Nxc8 32. Be6) 29. fxe6 $18 {
This passed pawn decides the game.} Bg6 30. h4 $1 h5 31. gxh5 Bxh5 32. Bc2+ Bg6
33. Ne4 Bf5 34. Ng5+ Kg6 35. e7 $1 {[%mdl 64]} Rxe7 36. Rd6+ Kh5 37. Bxf5 Kxh4
38. Rg6 Kg3 39. Ne6+ Kf3 40. Rg4 Ke3 41. Rg3+ Kd2 42. Rg2+ Kd1 43. Nc5 1-0

[Event "Olympiad-43"]
[Site "Batumi"]
[Date "2018.09.30"]
[Round "6.1"]
[White "Laznicka, Viktor"]
[Black "Radjabov, Teimour"]
[Result "1/2-1/2"]
[WhiteElo "2662"]
[BlackElo "2751"]
[PlyCount "49"]
[EventDate "2018.09.24"]
[EventType "team-swiss"]
[EventRounds "11"]
[EventCountry "GEO"]
[SourceTitle "CBM 187"]
[Source "ChessBase"]
[SourceDate "2018.12.11"]
[SourceVersion "1"]
[SourceVersionDate "2018.12.11"]
[SourceQuality "1"]
[WhiteTeam "Czech Republic"]
[BlackTeam "Azerbaijan"]
[WhiteTeamCountry "CZE"]
[BlackTeamCountry "AZE"]

1. d4 Nf6 2. c4 e6 3. Nc3 d5 4. Bg5 Be7 5. cxd5 Nxd5 6. Bxe7 Qxe7 7. Qb3 O-O 8.
Nf3 c5 9. dxc5 Qxc5 10. e3 Nxc3 11. Rc1 Nc6 12. Rxc3 Qb4 13. Bd3 Qxb3 14. Rxb3
b6 15. Rc3 Bb7 16. a3 Rac8 17. Ke2 Na5 18. Rhc1 Nb3 19. Rxc8 Rxc8 20. Rxc8+
Bxc8 21. Bc4 Na5 22. Bd3 Nb3 23. Bc4 Na5 24. Bd3 Nb3 25. Bc4 1/2-1/2

[Event "Olympiad-43"]
[Site "Batumi"]
[Date "2018.10.01"]
[Round "7.1"]
[White "Radjabov, Teimour"]
[Black "Wojtaszek, Radoslaw"]
[Result "1/2-1/2"]
[WhiteElo "2751"]
[BlackElo "2727"]
[PlyCount "51"]
[EventDate "2018.09.24"]
[EventType "team-swiss"]
[EventRounds "11"]
[EventCountry "GEO"]
[SourceTitle "CBM 187"]
[Source "ChessBase"]
[SourceDate "2018.12.11"]
[SourceVersion "1"]
[SourceVersionDate "2018.12.11"]
[SourceQuality "1"]
[WhiteTeam "Azerbaijan"]
[BlackTeam "Poland"]
[WhiteTeamCountry "AZE"]
[BlackTeamCountry "POL"]

1. c4 Nf6 2. Nc3 e6 3. e4 d5 4. e5 d4 5. exf6 dxc3 6. bxc3 Qxf6 7. Nf3 b6 8. d4
Bb7 9. Bd3 h6 10. O-O Bd6 11. Nd2 O-O 12. Re1 Qh4 13. h3 c5 14. Ne4 Bc7 15. Rb1
Nd7 16. Nxc5 Nxc5 17. dxc5 Bc6 18. cxb6 axb6 19. Qe2 e5 20. Be3 e4 21. Bc2 Rxa2
22. Bxb6 Be5 23. Bd4 Bc7 24. Bb6 Be5 25. Bd4 Bc7 26. Bb6 1/2-1/2

[Event "Olympiad-43"]
[Site "Batumi"]
[Date "2018.10.02"]
[Round "8.1"]
[White "Radjabov, Teimour"]
[Black "So, Wesley"]
[Result "1-0"]
[WhiteElo "2751"]
[BlackElo "2776"]
[Annotator "Krasenkow,M"]
[PlyCount "93"]
[EventDate "2018.09.24"]
[EventType "team-swiss"]
[EventRounds "11"]
[EventCountry "GEO"]
[SourceTitle "CBM 187"]
[Source "ChessBase"]
[SourceDate "2018.12.11"]
[SourceVersion "1"]
[SourceVersionDate "2018.12.11"]
[SourceQuality "1"]
[WhiteTeam "Azerbaijan"]
[BlackTeam "US of America"]
[WhiteTeamCountry "AZE"]
[BlackTeamCountry "USA"]

1. d4 Nf6 2. c4 e6 3. Nf3 d5 4. Nc3 Bb4 5. Bg5 h6 6. Bxf6 Qxf6 7. Qa4+ Nc6 8.
e3 O-O 9. Be2 dxc4 10. O-O Bd7 11. Bxc4 {This line was examined in detail by
GM Igor Stohl in CBM 167, annotations to the game Topalov-Aronian.} Bxc3 12.
bxc3 Rfd8 (12... Qe7 $5 13. Be2 (13. Qc2 Na5 {[%cal Yc7c5]}) 13... e5 (13... b6
14. Qb3 Rac8 15. Rfd1 Na5 16. Qb2 c5 17. a4 Rfd8 18. Ne5 Be8 19. Bb5 Rc7 {
0-1 (47) Fressinet,L (2687)-Giri,A (2782) Paris 2016}) (13... Rfc8 14. Nd2 Nd8
15. Qb3 c5 16. a4 Rc7 17. Qa3 Kf8 18. Ne4 cxd4 19. cxd4 Qxa3 20. Rxa3 Ke7 21.
a5 {1/2 (21) Khalifman,A (2624)-Pourramezanali,A (2506) Moscow 2016}) 14. Qb3
b6 15. Qc4 Rac8 16. Nd2 Na5 17. Qb4 c5 18. Qa3 Rfe8 19. d5 e4 20. c4 Qg5 21.
Kh1 Rcd8 $132 {1-0 (62) Fedoseev,V (2601)-Aleksandrov,A (2586) Khanty-Mansiysk
2013}) 13. Be2 {Or else:} (13. Qa3 Qe7 14. Qxe7 (14. Qb2 Na5 15. Bd3 c5 16. e4
Be8 17. Rad1 cxd4 18. cxd4 Rac8 $11 {1/2 (67) Shankland,S (2661)-Aronian,L 
(2770) Tsaghkadzor 2015}) 14... Nxe7 15. Rab1 (15. Ne5 Be8 16. Rfb1 Rab8 17. a4
b6 18. a5 Nc6 19. Nxc6 Bxc6 20. f3 Kf8 21. Kf2 Ke7 $11 {1/2 (46) Navara,D 
(2730)-So,W (2773) Wijk aan Zee 2016}) (15. a4 c5 16. Rfb1 Rab8 17. Ne5 Be8 18.
a5 Rdc8 19. Bb5 Rc7 20. Bxe8 Rxe8 21. Nd3 cxd4 22. cxd4 Nd5 23. g3 Rec8 $11 {
1/2 (45) Sargissian,G (2679)-Fressinet,L (2702) Douglas 2015}) 15... b6 16. Ne5
Be8 17. e4 Nc8 18. f3 Nd6 19. Be2 Kf8 20. Kf2 Rac8 21. Nd3 Nb7 22. Nf4 c5 23.
Ba6 Rc7 24. Bxb7 Rxb7 25. dxc5 Rd2+ 26. Kg3 Rxa2 $11 {1/2 (39) Karjakin,S 
(2782)-Aronian,L (2764) Stavanger 2018}) (13. Qc2 Na5 14. Bd3 (14. Be2 c5 15.
Ne5 Be8 16. Qe4 Nc6 17. f4 Rac8 18. Rad1 Qe7 19. c4 f5 20. Nxc6 Bxc6 21. Qe5
cxd4 22. Rxd4 Kf7 $13 {1/2 (35) Bu,X (2711)-Le,Q (2712) Ho Chi Minh City 2017})
14... c5 15. Ne5 (15. Rab1 Rac8 16. Qe2 Be8 17. Ne5 Qe7 18. f4 cxd4 19. cxd4
Rc3 20. Bb5 f6 21. Ng4 {1/2 (21) Mareco,S (2644)-Real de Azua,E (2484) Buenos
Aires 2017}) 15... Be8 16. f4 Qe7 (16... Rac8 $143 {1/2 (50) Sanikidze,T (2537)
-Libiszewski,F (2533) Drancy 2016} 17. f5 $1 cxd4 $140 18. exd4 Rxd4 19. fxe6
$1 Qxe6 20. Bh7+ Kh8 21. Bf5 Qb6 (21... Qd5 22. Nf3) 22. Rab1 Rb4+ 23. Kh1 {
with material gains for White}) 17. Qf2 (17. f5 f6 $1 18. Nc4 Nxc4 19. Bxc4 Bf7
20. Qe4 Re8 $11) (17. Qe2 Rac8 18. f5 f6 19. Ng4 {0-1 (44) Hansen,C (2621)
-Hammer,J (2665) Oslo 2015} h5 20. Nf2 e5 $36) 17... Nc6 18. Qg3 f5 19. Nf3
Rac8 20. Qf2 cxd4 21. exd4 Qa3 $132 {1/2 (32) Ribli,Z (2555)-Movsesian,S (2677)
Germany 2016}) 13... Be8 (13... e5 $5 14. Qb3 b6 15. Rfd1 Bf5 $132 {I.Stohl})
14. Qa3 Qe7 15. Qb2 b6 (15... Na5 $143 16. Qb4 $1 Qxb4 17. cxb4 Nc6 18. Rab1
$14 {1-0 (58) Topalov,V (2798)-Aronian,L (2780) Stavanger 2015 CBM 167 [Stohl,
I]}) 16. c4 $146 {The only active plan for White.} (16. Nd2 Na5 17. Nb3 (17.
Qb4 c5) 17... Nxb3 18. axb3 a5 19. Bf3 (19. b4 axb4 20. Qxb4 Kf8 21. Bf3 Qxb4
22. cxb4 Rxa1 23. Rxa1 Ke7 $11 {1/2 (32) Vachier Lagrave,M (2731)-Aronian,L 
(2765) Saint Louis 2015}) 19... Rab8 20. b4 c5 21. bxc5 bxc5 22. Qa3 a4 23.
Qxc5 Qxc5 24. dxc5 Rdc8 $11 {1/2 (31) Pelletier,Y (2540)-Movsesian,S (2671)
Heraklio 2017}) 16... Na5 17. e4 c5 {This move allows White to obtain a
comfortable edge. Other plans deserve more attention for Black:} (17... f6 {
[%cal Ye8g6,Ye8h5]}) (17... Qf6 $5 {[%csl Yd5][%cal Yc7c5]} 18. Qc2 Nc6 19. d5
Ne5) 18. d5 exd5 19. exd5 b5 {Black wants to destroy White's centre.} ({
In case of the natural} 19... Nb7 20. Bd3 {[%cal Yf1e1] White's control of the
e-file guarantees him the better prospects.}) 20. cxb5 {White improves on the
following game played earlier at the Olympiad:} (20. Rfe1 bxc4 21. Qc3 Qc7 22.
Rad1 Nb7 23. Bxc4 Qa5 24. Rc1 (24. Qc1 $5) 24... Qxc3 25. Rxc3 Na5 26. Bd3 c4
27. Be4 Rac8 28. Nd4 Kf8 $11 {1/2 (35) Nakamura,H (2763)-Vidit,S (2711) Batumi
GEO 2018}) 20... Rxd5 21. Rfe1 $14 {White has a superiour pawn structure (and
a chance to create a queenside passed pawn); besides, Black's a5 knight,
albeit blockading, is placed poorly.} Qd8 (21... Rad8 $5 22. Qc3 Qc7 $14) 22.
Qc3 {[%csl Ra5]} c4 23. Rad1 {[%mdl 32]} Rxd1 24. Rxd1 Qb6 25. Nd4 {[%csl Gd4]
[%cal Rd4f5] Centralization!} Bd7 26. a4 a6 {This is harmless as Black will
not be able to take on b5 any time soon.} 27. h3 (27. g4 $5) 27... Rd8 $6 {
[%mdl 8192] A tactical blunder in a poor position.} (27... axb5 28. axb5 Rc8 (
28... Rd8 29. Ra1) 29. Bf3 $16) 28. bxa6 {It turns out that Black has problems
recapturing this pawn!} Bc8 (28... Qxa6 $2 29. Nf5 $18) 29. Rd2 $1 Rf8 {
Again the a6 pawn is invulnerable due to 30.Nf5.} 30. Rb2 (30. Bg4 $5 {, to
gain the f5 square for the knight, was even stronger.}) 30... Qxa6 31. Rb5 Nb7
32. Bxc4 (32. a5 $5 $18) 32... Nd6 (32... Qxa4 $2 33. Rxb7 $1 Bxb7 34. Nf5 $18)
33. Rb4 Nxc4 34. Rxc4 Be6 {It was probably more stubborn to keep the bishop:} (
34... Bd7) 35. Nxe6 Qxe6 36. Rc6 Qf5 37. a5 {White's outside passed pawn
should bring him a victory.} Rb8 (37... Re8 38. a6 Re2 {was Black's last
chance but after} 39. Qd4 {White overcomes all minor problems, e.g.} Ra2 40. a7
Qb1+ 41. Kh2 Qb7 42. Qd8+ Kh7 43. Rc7 Qe4 44. Qd6 $1 ({but not} 44. Rxf7 $2
Rxa7 $1 45. Rxa7 $140 Qf4+ $11) 44... Rxf2 45. Qg3 {[%cal Rc7c8]} Ra2 46. Rxf7
{etc.}) 38. a6 Rb1+ 39. Kh2 Qf4+ 40. Qg3 Qxg3+ 41. Kxg3 Ra1 42. Kf4 Ra5 43. Ke4
Kf8 44. Rc8+ Ke7 45. Rc7+ Ke6 46. a7 Ra4+ 47. Kd3 1-0

[Event "Olympiad-43"]
[Site "Batumi"]
[Date "2018.10.03"]
[Round "9.2"]
[White "Yu, Yangyi"]
[Black "Radjabov, Teimour"]
[Result "1/2-1/2"]
[WhiteElo "2765"]
[BlackElo "2751"]
[PlyCount "60"]
[EventDate "2018.09.24"]
[EventType "team-swiss"]
[EventRounds "11"]
[EventCountry "GEO"]
[SourceTitle "CBM 187"]
[Source "ChessBase"]
[SourceDate "2018.12.11"]
[SourceVersion "1"]
[SourceVersionDate "2018.12.11"]
[SourceQuality "1"]
[WhiteTeam "China"]
[BlackTeam "Azerbaijan"]
[WhiteTeamCountry "CHN"]
[BlackTeamCountry "AZE"]

1. d4 Nf6 2. c4 e6 3. Nc3 d5 4. cxd5 Nxd5 5. e4 Nxc3 6. bxc3 c5 7. Rb1 Be7 8.
Nf3 O-O 9. h4 cxd4 10. cxd4 Nc6 11. Bb5 a6 12. Bxc6 bxc6 13. h5 h6 14. Ne5 Bd6
15. O-O c5 16. Rb3 cxd4 17. Qxd4 Qc7 18. Bb2 Bxe5 19. Qxe5 Qxe5 20. Bxe5 Bd7
21. Rc1 f6 22. Bd6 Rfc8 23. Rbc3 Rxc3 24. Rxc3 Rc8 25. Rxc8+ Bxc8 26. f3 e5 27.
g4 Bd7 28. a3 Kf7 29. Kf2 Ba4 30. Bb4 Bd1 1/2-1/2

[Event "Olympiad-43"]
[Site "Batumi"]
[Date "2018.10.04"]
[Round "10.2"]
[White "Eljanov, Pavel"]
[Black "Radjabov, Teimour"]
[Result "1/2-1/2"]
[WhiteElo "2703"]
[BlackElo "2751"]
[PlyCount "60"]
[EventDate "2018.09.24"]
[EventType "team-swiss"]
[EventRounds "11"]
[EventCountry "GEO"]
[SourceTitle "CBM 187"]
[Source "ChessBase"]
[SourceDate "2018.12.11"]
[SourceVersion "1"]
[SourceVersionDate "2018.12.11"]
[SourceQuality "1"]
[WhiteTeam "Ukraine"]
[BlackTeam "Azerbaijan"]
[WhiteTeamCountry "UKR"]
[BlackTeamCountry "AZE"]

1. d4 Nf6 2. c4 e6 3. g3 d5 4. Bg2 Be7 5. Nf3 O-O 6. Nbd2 b6 7. O-O Bb7 8. cxd5
exd5 9. b3 c5 10. Bb2 Nc6 11. Rc1 Ne4 12. dxc5 Bxc5 13. Ne1 Bd4 14. Bxd4 Nxd4
15. Nxe4 dxe4 16. Nc2 Ne6 17. Qxd8 Rfxd8 18. Rfd1 Rac8 19. Rxd8+ Rxd8 20. Ne3
g6 21. Kf1 f5 22. f3 exf3 23. Bxf3 Bxf3 24. exf3 Kf7 25. f4 Rd2 26. Rc2 Rxc2
27. Nxc2 Ke7 28. Ke2 Kd6 29. Kd3 Kc5 30. a3 a5 1/2-1/2

[Event "Olympiad-43"]
[Site "Batumi"]
[Date "2018.10.05"]
[Round "11.1"]
[White "Popovic, Dusan"]
[Black "Radjabov, Teimour"]
[Result "0-1"]
[WhiteElo "2517"]
[BlackElo "2751"]
[PlyCount "80"]
[EventDate "2018.09.24"]
[EventType "team-swiss"]
[EventRounds "11"]
[EventCountry "GEO"]
[SourceTitle "CBM 187"]
[Source "ChessBase"]
[SourceDate "2018.12.11"]
[SourceVersion "1"]
[SourceVersionDate "2018.12.11"]
[SourceQuality "1"]
[WhiteTeam "Serbia"]
[BlackTeam "Azerbaijan"]
[WhiteTeamCountry "SRB"]
[BlackTeamCountry "AZE"]

1. e4 e5 2. Nf3 Nc6 3. Nc3 Nf6 4. Bb5 Bb4 5. O-O O-O 6. d3 Bxc3 7. bxc3 d6 8.
Bg5 h6 9. Bh4 Qe7 10. Re1 a6 11. Ba4 Nd8 12. d4 Ne6 13. dxe5 dxe5 14. Nxe5 Nc5
15. Nd3 Nxa4 16. e5 g5 17. exf6 Qxf6 18. Bg3 Nxc3 19. Qh5 Qg6 20. Qf3 Nb5 21.
Be5 Qf5 22. Qg3 f6 23. Bxc7 Bd7 24. Bb6 Rac8 25. a4 Nc3 26. a5 Rfe8 27. Rxe8+
Rxe8 28. Qf3 Ne2+ 29. Kf1 Qxf3 30. gxf3 Bh3+ 31. Ke1 Nd4+ 32. Kd2 Nxf3+ 33. Kc3
Bg2 34. Ra4 Nxh2 35. Rd4 h5 36. Rd7 Bc6 37. Rc7 Nf3 38. Nb4 h4 39. Nxc6 bxc6
40. Rxc6 h3 0-1

[Event "Tata Steel-A 81st"]
[Site "Wijk aan Zee"]
[Date "2019.01.14"]
[Round "3"]
[White "Radjabov, Teimour"]
[Black "Rapport, Richard"]
[Result "1/2-1/2"]
[WhiteElo "2757"]
[BlackElo "2731"]
[Annotator "Fernandez,D"]
[PlyCount "63"]
[EventDate "2019.01.12"]
[EventType "tourn"]
[EventRounds "13"]
[EventCountry "NED"]
[EventCategory "21"]
[SourceTitle "CBM 188"]
[Source "ChessBase"]
[SourceDate "2018.12.21"]
[SourceVersion "1"]
[SourceVersionDate "2018.12.21"]
[SourceQuality "1"]

1. e4 c5 2. Nf3 e6 3. d4 cxd4 4. Nxd4 Nc6 5. Nc3 {Now Black can take his pick
of normal moves, of which ... d6, ...Nf6 and ...Qc7 are the top ones. The
first two transpose to other Sicilians, while the text keeps the game in
Taimanov/Paulsen land.} Qc7 (5... Bb4 $5 {is worth mentioning as a quirk: the
position after} 6. Nxc6 (6. Be2 Nge7 $5) 6... bxc6 7. Qd4 Bf8 {seems oddly
playable for Black.}) 6. Be3 a6 7. Qd2 b5 $5 {This move gets played every so
often, but ...Nf6 is, for most people, virtually automatic. Like most
sidelines, there is a reason it hasn't caught on, but White has to be very
incisive.} (7... Nf6 8. O-O-O {and now} Bb4 {gets most of the airtime.} (8...
b5 9. Bf4 Qb6 10. Nb3 $14)) 8. O-O-O Nxd4 9. Bxd4 Bb7 10. f3 (10. Be5 $5 {
has a critical look to it, trying to make Black spend a tempo on ...d6 before
castling.} Qc6 11. f3 Nf6 12. a3 Rd8 (12... Be7 13. g4 O-O 14. g5 Nh5 15. Kb1
$14 {White has got all 'his' moves in, while a queenside attack from Black is
still a long way off.}) (12... b4 13. axb4 Bxb4 14. Qg5 $14) 13. g4 d6 14. g5
Nd7 15. Bd4 $40) 10... Nf6 11. Qg5 $6 {With this move, White risks being
slightly worse. It doesn't threaten anything, nor does it in any real sense
tie down the f8-bishop, being that Black can easily dislodge or trade the
queen with ...h6 later.} (11. e5 Nd5 12. Ne4 {trying to win the bishop pair is
indeed worth a closer look, but I think Black is fine after the
precarious-looking} Rc8 (12... Nb4 13. Nd6+ Bxd6 14. exd6 Qxd6 15. a3 Nd5 16.
Bxg7 $14) 13. Kb1 Nb4 14. Bd3 Bd5 $1 $132) 11... Rc8 $1 {Gaining a tempo.} 12.
Bd3 (12. Bxf6 gxf6 13. Qxf6 Rg8 $15 {threatens both ...Bg7 and ... b4, while
tying down the f1-bishop.}) 12... h6 $1 {And just like that, Black is
completely fine.} 13. Qg3 Qxg3 14. hxg3 Bc5 {Reaching a standard Sicilian
endgame in which Black's usual plus of the central majority is offset by the
half-open h-file. That being said, I would prefer playing Black.} 15. Ne2 (15.
Bxf6 gxf6 $36 {is not a position the engines understand when they say it's '0.
27'}) 15... Bxd4 16. Nxd4 Ke7 17. Kd2 Rc7 (17... d6 {is tempting, to try and
put the knight on c5. The tempi saved on ...Bc8-d7 mean that Black is able to
think about central breaks, e.g.} 18. c3 Nd7 19. Ra1 Nc5 20. Bc2 Kf6 21. Rhe1
Rhd8 {With ...e5 and ...d5 to come sometime soon.}) 18. c3 Rb8 19. Ra1 Bc8 20.
b4 $5 (20. g4 d6 21. a3 Bd7 22. Nc2 a5 23. Ne3 Bc6 $11 {was a good way to
reach a position where neither side can break}) 20... d6 21. a4 e5 22. Ne2 (22.
Nc2 $5 {is a computer move, preparing various tactics against ...d5 that,
ironically, centre on that same square.} d5 23. exd5 Nxd5 24. axb5 axb5 25.
Rhe1 Kf6 $6 (25... Be6 $1 26. Rxe5 Kf6 27. Ree1 Nxc3 28. Nd4 Rd8 $1 29. Nxe6
fxe6 30. Rec1 Nd5 31. Rxc7 Nxc7 $11) 26. Ne3 $14 {With the better bishop.})
22... Bd7 23. axb5 Bxb5 24. Rhc1 (24. Ra5 {is rejected by the human eye once
it sees the apparent impossibility of preventing ...Nb6-c4, but} Nd7 (24... d5
25. exd5 Rd8 26. c4 Bxc4 27. Rc1 Rdc8 28. Rc3 Bxd5 29. Bxa6 Rxc3 30. Nxc3 Rd8
31. Ke3 $14) 25. Kc2 $5 {leads to a game- probably a good one for White, since
Black has made no effort to push his still-good central pawns.}) 24... Bxd3 25.
Kxd3 d5 26. exd5 Nxd5 27. Kd2 Rd8 28. Ke1 Rdc8 $1 {Not giving the pawns a
chance to get rolling. If White had time for say Ra5, that would be a problem.}
29. Rxa6 Nxb4 30. cxb4 Rxc1+ 31. Nxc1 Rxc1+ 32. Kf2 1/2-1/2